LEADER 01517nam0 2200349 i 450 001 CFI0458548 005 20251003044142.0 010 $a8881148439 020 $aIT$b2000-1365 100 $a20061116d1999 ||||0itac50 ba 101 | $aita 102 $ait 181 1$6z01$ai $bxxxe 182 1$6z01$an 200 1 $aCarl Schmitt tra decisione e ordinamento concreto$fAdalgiso Amendola 210 $aNapoli \etc.!$cEdizioni scientifiche italiane$d\1999! 215 $a173 p.$d24 cm. 225 | $aPubblicazioni dell'Università degli studi di Salerno$i. Sezione di studi giuridici$v20 410 0$1001CFI0024313$12001 $aPubblicazioni dell'Università degli studi di Salerno$i. Sezione di studi giuridici$v20$171202$aUniversità degli studi di Salerno$3CFIV002235 606 $aSchmitt, Carl$2FIR$3CFIC000165$9E 606 $aSchmitt, Carl$2FIR$3CFIC000165$9E 676 $a320.092$9SCIENZA POLITICA. Persone$v21 700 1$aAmendola$b, Adalgiso$f <1969- >$3CFIV288967$4070$03008 801 3$aIT$bIT-000000$c20061116 850 $aIT-BN0095 $aIT-NA0079 901 $bNAP 01$cD $n$ 901 $bNAP BN$cMAGAZZINO $nmagazzini correnti divisi per anni 912 $aCFI0458548 950 0$aBiblioteca Centralizzata di Ateneo$d 01D (AR) 25 193$e 01AR 0700251935 VMA 1 v.$fY $h20241025$i20241025 977 $a 01$a BN 996 $aCarl Schmitt tra decisione e ordinamento concreto$9157297 997 $aUNISANNIO